[Event "Gibraltar Open"]
[Site "Caleta ENG"]
[Date "2012.01.27"]
[Round "4.22"]
[White "Lupulescu,C"]
[Black "Lyrberg,P"]
[Result "1/2-1/2"]
[WhiteElo "2648"]
[BlackElo "2435"]

1.c4 c6 2.d4 d5 3.Nf3 a6 4.e3 Nf6 5.Nc3 g6 6.Be2 dxc4 7.Bxc4 Bg7 8.O-O O-O
9.e4 b5 10.Bd3 Bg4 11.Be3 Nbd7 12.e5 Nd5 13.Nxd5 cxd5 14.h3 Bxf3 15.Qxf3 e6
16.Qg4 Qb6 17.Rad1 Rae8 18.g3 f6 19.exf6 Nxf6 20.Qe2 Kh8 21.Rfe1 Nh5 22.Qg4 Qa7
23.Re2 Bf6 24.Bc2 Bg7 25.Bg5 e5 26.dxe5 Rxe5 27.Be3 Qe7 28.Rde1 Nf6 29.Qd4 Qe6
30.h4 Qh3 31.Bf4 Rxe2 32.Rxe2 h6 33.Bxg6 Ng4 34.Qxd5 Qh2+ 35.Kf1 Qh3+ 36.Ke1 Nh2
37.Re8 Qf1+ 38.Kd2 Qxf2+ 39.Kd1 Rxe8 40.Bxe8 Qf1+ 41.Kc2 Qe2+ 42.Qd2 Qc4+
43.Kb1 Nf3 44.Qc2 Qf1+ 45.Qc1 Qd3+ 46.Qc2 Qf1+ 47.Qc1 Qd3+  1/2-1/2

[Event "Gibraltar Open"]
[Site "Caleta ENG"]
[Date "2012.01.27"]
[Round "4.36"]
[White "Loew,Gera"]
[Black "El Debs,F"]
[Result "0-1"]
[WhiteElo "2251"]
[BlackElo "2497"]

1.c4 c6 2.g3 d5 3.Bg2 Nf6 4.Nf3 dxc4 5.O-O Be6 6.Ng5 Bd5 7.e4 h6 8.exd5 hxg5
9.dxc6 Nxc6 10.Na3 Rc8 11.Nxc4 e6 12.d3 Nd5 13.d4 Be7 14.Ne3 Qd7 15.Nxd5 exd5
16.Be3 O-O 17.Qh5 g6 18.Bh3 Qd6 19.Qh6 Rce8 20.Rad1 Bf6 21.Rd2 Qd8 22.Bg4 Re4
23.Bf3 Re6 24.Bg4 Rd6 25.Rfd1 Re8 26.Kg2 Na5 27.b3 Nc6 28.Rd3 Nb4 29.R3d2 Ra6
30.a4 Rc6 31.Re2 Nc2 32.Rdd2 Nxe3+ 33.fxe3 Bg7 34.Qh3 f5 35.Bxf5 gxf5 36.Qxf5 Rf6
37.Qd3 Rfe6 38.Rc2 Rf8 39.Qb5 Rb6 40.Qd3 Qd7 41.Rf2 Rbf6 42.Rxf6 Rxf6 43.e4 dxe4
44.Qxe4 Re6 45.Qf3 Rd6 46.d5 Rxd5 47.Rc8+ Kh7 48.Qe4+ Kh6 49.Rc2 Rd2+ 50.Rxd2 Qxd2+
51.Kh3 Qd7+ 52.g4 Qc6 53.Qd3 Qc3  0-1

[Event "Gibraltar Open"]
[Site "Caleta ENG"]
[Date "2012.01.27"]
[Round "4.5"]
[White "David,Alb"]
[Black "Shirov,A"]
[Result "1/2-1/2"]
[WhiteElo "2598"]
[BlackElo "2710"]

1.c4 c6 2.e4 d5 3.exd5 cxd5 4.d4 Nf6 5.Nc3 Nc6 6.Nf3 Bg4 7.cxd5 Nxd5 8.Qb3 Bxf3
9.gxf3 e6 10.Qxb7 Nxd4 11.Bb5+ Nxb5 12.Qc6+ Ke7 13.Qxb5 Qd7 14.Nxd5+ exd5
15.Qb3 Kf6 16.Be3 d4 17.Rd1 Bc5 18.Qc4 Rac8 19.Rg1 Rhe8 20.Rg4 dxe3 21.Rf4+ Kg6
22.Rg4+ Kf6 23.Rf4+ Kg5 24.Rg4+  1/2-1/2

[Event "Gibraltar Open"]
[Site "Caleta ENG"]
[Date "2012.01.28"]
[Round "5.15"]
[White "Erdos,V"]
[Black "Kuipers,S"]
[Result "1-0"]
[WhiteElo "2634"]
[BlackElo "2391"]

1.c4 c6 2.Nf3 d5 3.g3 Bg4 4.Bg2 e6 5.O-O Nd7 6.cxd5 cxd5 7.Nc3 Ngf6 8.d3 Be7
9.h3 Bxf3 10.Bxf3 O-O 11.Bg2 Rc8 12.e4 d4 13.Ne2 Qb6 14.f4 Nc5 15.e5 Nfd7
16.Kh2 f6 17.Nxd4 fxe5 18.Ne2 Rcd8 19.Qc2 Qa6 20.d4 exd4 21.Nxd4 Bf6 22.Rd1 Bxd4
23.Rxd4 Rc8 24.b4 Na4 25.Qb3 Qe2 26.Rxd7 Rc2 27.Rd2  1-0

[Event "TCh-CAT 2012"]
[Site "Catalunya ESP"]
[Date "2012.01.28"]
[Round "1.1"]
[White "Narciso Dublan,M"]
[Black "Oms Pallisse,J"]
[Result "1-0"]
[WhiteElo "2534"]
[BlackElo "2485"]

1.c4 c6 2.g3 d5 3.Nf3 Bg4 4.Bg2 Nd7 5.cxd5 cxd5 6.O-O e6 7.d3 Ngf6 8.Be3 Bd6
9.Qb3 Qb8 10.Nc3 a6 11.a4 O-O 12.a5 Ne5 13.Nxe5 Bxe5 14.d4 Bd6 15.Bg5 Be7
16.e4 dxe4 17.Nxe4 Nxe4 18.Bxe7 Re8 19.Qb4 Qc7 20.Bc5 Nxc5 21.dxc5 Be2 22.Qxb7 Qxc5
23.Rfc1 Qf8 24.Qe4 Bb5 25.Rc7 Rac8 26.Rac1 Rxc7 27.Rxc7 Qd6 28.Qc2 g6 29.Bf1 Bxf1
30.Kxf1 Qd5 31.Rc8 Qb5+ 32.Kg1 Kf8 33.b4 Rxc8 34.Qxc8+ Ke7 35.Qc7+ Ke8 36.Qd6 g5
37.h3 h5 38.Kg2 g4 39.h4 Qe2 40.Qc6+ Kd8 41.Qc5 f5 42.Qd6+ Ke8 43.Qc6+ Kd8
44.Qb6+ Kc8 45.Qc6+ Kb8 46.Qe8+ Kc7 47.Qxh5 Qf3+ 48.Kg1 Kd6 49.Qg5 e5 50.Qf6+ Kd5
51.Qxa6 Qd1+ 52.Qf1 Qb3 53.a6 f4 54.a7 Qa3 55.Qd1+ Ke4 56.Qc2+ Kf3 57.Qd1+ Ke4
58.Qe2+ Kf5 59.Qc2+  1-0

[Event "Moscow Open D 2012"]
[Site "Moscow RUS"]
[Date "2012.01.28"]
[Round "1"]
[White "Belous,V"]
[Black "Reshetnikov,Al"]
[Result "1/2-1/2"]
[WhiteElo "2522"]
[BlackElo "2514"]

1.c4 c6 2.Nf3 d5 3.e3 Nf6 4.Nc3 a6 5.d4 e6 6.Ne5 c5 7.cxd5 exd5 8.Bd3 Be7
9.O-O O-O 10.g4 Nc6 11.g5 Ne8 12.f4 g6 13.Nxc6 bxc6 14.dxc5 Bxc5 15.Na4 Ba7
16.b4 Nd6 17.Nc5 a5 18.a3 Rb8 19.Qc2 Bf5 20.Bd2 Nc4 21.Qc3 Bxd3 22.Qxd3 Nxd2
23.Qxd2 Qe7 24.Rac1 Rb5 25.Rfe1 axb4 26.axb4 Bxc5 27.bxc5 Rfb8 28.Kf2 Rxc5
29.Rxc5 Qxc5 30.Rc1 Qd6 31.Qd4 Re8 32.Qb6 Rc8 33.Ra1 Rb8 34.Qd4 Qe6 35.Kg3 Re8
36.Ra3 Qd6 37.Ra5 Qe6 38.Ra3 Qd6 39.Ra6 Qe6 40.Qd1  1/2-1/2

[Event "ch-Paracin 2012"]
[Site "Paracin SRB"]
[Date "2012.01.28"]
[Round "7.9"]
[White "Stefanovic,V"]
[Black "Radovic,Luka"]
[Result "1-0"]
[WhiteElo "2187"]
[BlackElo "1969"]

1.c4 c6 2.Nf3 d5 3.b3 Bf5 4.Bb2 e6 5.g3 Nf6 6.Bg2 Be7 7.O-O O-O 8.d3 h6 9.Nbd2 Nbd7
10.Qc2 Bh7 11.Rac1 a5 12.a3 b5 13.Qb1 Qb6 14.cxd5 cxd5 15.Rc2 Rac8 16.Rfc1 Qb8
17.Nd4 Bc5 18.b4 axb4 19.axb4 Bxb4 20.Rxc8 Rxc8 21.Nc6 Rxc6 22.Rxc6 Bxd2
23.Qc2 Qb7 24.Rc7 Qb6 25.Rc8+ Nf8 26.Qxd2  1-0

[Event "ch-Paracin 2012"]
[Site "Paracin SRB"]
[Date "2012.01.28"]
[Round "7.10"]
[White "Gagic,M"]
[Black "Grujic,N"]
[Result "0-1"]
[WhiteElo "1883"]
[BlackElo "2160"]

1.c4 c6 2.e4 d6 3.Nc3 g6 4.g3 Bg7 5.Bg2 Nf6 6.Nge2 O-O 7.O-O c5 8.d3 Nc6
9.h3 Ne8 10.Be3 Nc7 11.Qd2 Ne6 12.Bh6 Qa5 13.Bxg7 Kxg7 14.f4 Ncd4 15.Rf2 Bd7
16.Raf1 Nxe2+ 17.Qxe2 Nd4 18.Qe3 Rac8 19.f5 f6 20.Nd5 Rf7 21.fxg6 hxg6 22.a3 Rh8
23.g4 Bc6 24.Nc3 e5 25.Qg3 Ne6 26.h4 Nf4 27.Ne2 g5 28.h5 Qb6 29.Nc3 Qb3 30.Rd2 b5
31.cxb5 Bxb5 32.Qe3 Bd7 33.Bf3 Be6 34.Rc1 Rb7 35.Kh2 Qb6 36.Kg3 Rhb8 37.Rh1 Kh7
38.Rhh2 Qc7 39.Nd5 Qf7 40.Nc3 Qd7 41.Bd1 Qc8 42.Bf3 Qd7 43.Nd5 Qf7 44.Nc3 Bb3
45.Bd1 Be6 46.Bf3 a6 47.Bd1 Qd7 48.Bf3 Rd8 49.Nd5 Qf7 50.Nc3 a5 51.Bd1 Qd7
52.Ba4 Qf7 53.Bd1 Rdb8 54.Bf3 Rb3 55.Bd1 R3b6 56.Na4 Rc6 57.Nc3 Rc7 58.Bf3 Rd8
59.Rhf2 Rb7 60.Rh2 Rdb8 61.Rhf2 Bb3 62.Rh2 Rb6 63.Rhf2 Kg7 64.Rh2 Kh7 65.Rhf2 Kh6
66.Rh2 Qb7 67.Rhf2 Qf7 68.Rh2 Qg8 69.Rhf2 R8b7 70.Nd5 Bxd5 71.exd5 Rb3 72.Bd1 R3b6
73.Bf3 Qf7 74.Qe4 Qh7 75.Qa4 Rb5 76.Be4 Qd7 77.Qc4 Rb3 78.Bf5 Qe7 79.Qe4 Qg7
80.Qa4 Qc7 81.Qe8 Qg7 82.Qd8 R3b6 83.Qe8 Rb8 84.Qa4 Qa7  0-1

[Event "74th Tata Steel GMB"]
[Site "Wijk aan Zee NED"]
[Date "2012.01.28"]
[Round "12"]
[White "Reinderman,D"]
[Black "Ernst,S"]
[Result "1-0"]
[WhiteElo "2581"]
[BlackElo "2606"]

1.c4 c6 2.g3 d5 3.Bg2 Nf6 4.Nf3 dxc4 5.O-O Nbd7 6.Na3 Nb6 7.Qc2 Qd5 8.Ne1 Qd4
9.e3 Qg4 10.e4 h5 11.h3 Qg6 12.Nxc4 Nxc4 13.Qxc4 h4 14.g4 Nxg4 15.hxg4 h3
16.Bf3 Bxg4 17.Bxg4 Qxg4+ 18.Kh1 e6 19.f3 Qh4 20.d4 Bd6 21.Be3 O-O-O 22.Rc1 g5
23.e5 g4 24.fxg4 Qxg4 25.exd6 Rdg8 26.d5 Qg3 27.dxc6 Qxe3 28.cxb7+  1-0

[Event "TCh-CZE Liga 1 Zapad"]
[Site "Czech Rep CZE"]
[Date "2012.01.29"]
[Round "7.4"]
[White "Kovar,V"]
[Black "Meduna,E1"]
[Result "1-0"]
[WhiteElo "2308"]
[BlackElo "2420"]

1.c4 c6 2.Nf3 Nf6 3.b3 d6 4.d4 Nbd7 5.Bb2 g6 6.g3 Bg7 7.Bg2 O-O 8.O-O a5
9.Nc3 e5 10.e3 Re8 11.h3 exd4 12.Nxd4 Nc5 13.Qc2 Qe7 14.Kh2 h5 15.Rae1 Bd7
16.Nce2 Nce4 17.Nf4 g5 18.Nd3 c5 19.Ne2 h4 20.g4 d5 21.f3 dxc4 22.bxc4 Nd6
23.e4 b5 24.cxb5 Bxb5 25.Nc3 Bc4 26.e5 Nd7 27.Ne4 Nxe4 28.Rxe4 Bxd3 29.Qxd3 Rab8
30.Bc3 Bxe5+ 31.Kh1 Qf6 32.Qxd7 Re6  1-0

[Event "TCh-CZE Liga 1 Zapad"]
[Site "Czech Rep CZE"]
[Date "2012.01.29"]
[Round "7.6"]
[White "Benes,Pe1"]
[Black "Novacek,Ja"]
[Result "1-0"]
[WhiteElo "2089"]
[BlackElo "2138"]

1.c4 c6 2.e4 d5 3.exd5 cxd5 4.cxd5 Nf6 5.Bb5+ Bd7 6.Bc4 g6 7.Nc3 Bg7 8.Nge2 O-O
9.O-O Qc8 10.d3 Rd8 11.Bg5 h6 12.Be3 Be8 13.Re1 Nbd7 14.Rc1 Nf8 15.Bb3 Qd7
16.Qd2 Kh7 17.Bc5 b6 18.Ba3 Ng8 19.Qe3 b5 20.Nd4 Bxd4 21.Qxd4 a5 22.Bc5 Qb7
23.Qe3 a4 24.Bd1 b4 25.Nb1 Rac8 26.Bf3 Rd7 27.Bd4 Rcd8 28.Bc5 Qb5 29.d4 g5
30.Nd2 Ng6 31.Nc4 Nf6 32.Ne5 Nxd5 33.Bxd5 Rxd5 34.Nxg6 Kxg6 35.Qe4+ Kg7 36.Qxe7 Bc6
37.Qc7 R8d7 38.Qc8 Rd8 39.Qc7 R8d7 40.Qg3 Qb7 41.h4 f6 42.Re6 Bb5 43.Rb6  1-0

[Event "Moscow Open Women 2012"]
[Site "Moscow RUS"]
[Date "2012.01.29"]
[Round "2.11"]
[White "Manakova,M"]
[Black "Trapeznikova,D"]
[Result "1-0"]
[WhiteElo "2319"]
[BlackElo "2088"]

1.c4 c6 2.e4 d5 3.exd5 cxd5 4.d4 Nf6 5.Nc3 e6 6.Nf3 Nc6 7.a3 Be7 8.c5 a5
9.Bb5 Qc7 10.O-O O-O 11.Re1 Bd7 12.Bg5 b6 13.Rc1 bxc5 14.dxc5 Nb8 15.Bxd7 Qxd7
16.Na4 Qb7 17.Re3 Nc6 18.Rb3 Qc7 19.Rb6 Rab8 20.Nd4 Nxd4 21.Qxd4 Ne4 22.Bxe7 Qxe7
23.c6 Rbc8 24.Ra6 Qd6 25.f3 e5 26.Qe3 Nf6 27.Qc5 Qb8 28.Nb6 Rce8 29.c7 Qb7
30.Rxa5 Rc8 31.Nxc8 Rxc8 32.Rb5 Qa8 33.Rb8  1-0

[Event "Moscow Open Women 2012"]
[Site "Moscow RUS"]
[Date "2012.01.29"]
[Round "2"]
[White "Grigoryeva,O2"]
[Black "Munguntuul,B"]
[Result "1/2-1/2"]
[WhiteElo "2146"]
[BlackElo "2452"]

1.c4 c6 2.e4 d5 3.exd5 cxd5 4.cxd5 Nf6 5.Nc3 Nxd5 6.Nf3 Nxc3 7.bxc3 Qc7 8.Bb2 Nc6
9.d4 g6 10.d5 Ne5 11.Bb5+ Bd7 12.Bxd7+ Nxd7 13.c4 Qa5+ 14.Nd2 Rg8 15.O-O Bg7
16.Bxg7 Rxg7 17.Nb3 Qc7 18.Qd4 Qe5 19.Qd3 Kf8 20.Rfe1 Qd6 21.Qe3 b6 22.Nd4 Nc5
23.Rad1 Rd8 24.Nb5 Qd7 25.h3 g5 26.Qe5 f6 27.Qc3 Kg8 28.Qf3 Rf8 29.Nd4 f5
30.Ne6 Nxe6 31.dxe6 Qc8 32.Qd5 g4 33.hxg4 Rxg4 34.Rd4 Rg6 35.Re5 f4 36.Rg5 Qe8
37.f3 h6 38.Rxg6+ Qxg6 39.Re4 Qg7 40.Re5 Rf6 41.Rf5 Rxf5 42.Qxf5 Qf6 43.Qd5 Kg7
44.c5 bxc5 45.Qxc5 Qa1+ 46.Kh2 Qf6 47.Qxa7 Qh4+  1/2-1/2

[Event "Moscow Open 2012 A"]
[Site "Moscow RUS"]
[Date "2012.01.29"]
[Round "2.46"]
[White "Nikologorskiy,K"]
[Black "Lastin,A"]
[Result "1/2-1/2"]
[WhiteElo "2353"]
[BlackElo "2538"]

1.c4 c6 2.Nf3 d5 3.d4 Nf6 4.b3 Bf5 5.Bb2 Bxb1 6.Qxb1 e5 7.a3 e4 8.Nd2 Bd6
9.e3 Qe7 10.Be2 h5 11.h3 Nbd7 12.b4 dxc4 13.Nxc4 Bc7 14.O-O O-O 15.Qc2 h4
16.a4 a6 17.Rfc1 Nb6 18.Ne5 Nbd7 19.Nc4 Nb6 20.Ne5 Nbd7 21.Nc4 Nb6  1/2-1/2

[Event "Gibraltar Open"]
[Site "Caleta ENG"]
[Date "2012.01.30"]
[Round "7.50"]
[White "Dukaczewski,P"]
[Black "Yurenok,M"]
[Result "1-0"]
[WhiteElo "2344"]
[BlackElo "2109"]

1.c4 c6 2.e4 e5 3.Nf3 d6 4.Nc3 Nf6 5.d4 Nbd7 6.Be2 Be7 7.O-O Qc7 8.Rb1 Nf8
9.b4 Bg4 10.Be3 Ng6 11.g3 Bh3 12.Re1 h6 13.Qd3 O-O 14.Rec1 Rfc8 15.d5 Qd7
16.Ne1 cxd5 17.cxd5 Ne8 18.Qd2 f5 19.Bb5 Qd8 20.exf5 Bxf5 21.Bd3 Bxd3 22.Qxd3 Nf8
23.Ne4 a6 24.Nf3 Nf6 25.a4 N8d7 26.Nc3 Ng4 27.Bd2 Bf8 28.h3 Ngf6 29.a5 b5
30.Be3 Qe8 31.Nd2 Qh5 32.Kg2 Qf7 33.Nde4 Nxe4 34.Nxe4 Nf6 35.Nxf6+ Qxf6 36.Rc6 Rxc6
37.dxc6 Qe6 38.Bb6 Rc8 39.c7 d5 40.Rd1 d4 41.Qe4 Bxb4 42.Rc1 Bc3 43.f4 Qf7
44.Qxe5 Re8 45.Bxd4 Rxe5 46.c8=Q+ Re8 47.Qxc3 Re2+ 48.Bf2 Qd5+ 49.Kg1 Ra2
50.Qc6 Qxc6 51.Rxc6 Rxa5 52.Bd4 Ra4 53.Be5 g5 54.Rxh6 gxf4 55.gxf4 a5 56.h4 b4
57.h5 Ra3 58.Kg2 Ra2+ 59.Kg3 b3 60.Rb6 a4 61.Rb7 Re2 62.h6  1-0

[Event "ch-TUR 2012"]
[Site "Kemer TUR"]
[Date "2012.01.31"]
[Round "5"]
[White "Turkmen,Huseyin Nafizhan"]
[Black "Burcu,C"]
[Result "0-1"]
[WhiteElo "1760"]
[BlackElo "1931"]

1.c4 c6 2.Nc3 d5 3.cxd5 cxd5 4.Nf3 Nf6 5.d3 Nc6 6.Bf4 d4 7.Ne4 Nxe4 8.dxe4 e5
9.Bd2 Be7 10.g3 Be6 11.Bg2 O-O 12.O-O a5 13.Ne1 Qb6 14.Nd3 f6 15.Kh1 Nb4
16.Bxb4 axb4 17.b3 Ra5 18.f4 Rfa8 19.f5 Bf7 20.Qc2 Ra3 21.Rfb1 Qc6 22.Qxc6 bxc6
23.Nc1 c5 24.Rb2 c4 25.bxc4 Bxc4 26.Rc2 Bxa2 27.Bf1 Bf7 28.Rxa3 bxa3 29.Rc7 Bf8
30.Rxf7 Kxf7 31.e3 dxe3  0-1

[Event "Moscow Open 2012 A"]
[Site "Moscow RUS"]
[Date "2012.01.31"]
[Round "4.80"]
[White "Zenzera,A"]
[Black "Mamedov,Els"]
[Result "1-0"]
[WhiteElo "2337"]
[BlackElo "2115"]

1.c4 c6 2.d4 d6 3.Nc3 Nd7 4.g3 h6 5.e4 Qc7 6.Bg2 g5 7.h4 Bg7 8.hxg5 hxg5
9.Rxh8 Bxh8 10.Be3 Qa5 11.Qh5 Bg7 12.Nf3 Nf8 13.Nxg5 Ng6 14.Ne6 Qb4 15.Nxg7+ Kf8
16.Nf5 Qxb2 17.Rc1 Nf6 18.Qd1 Qb4 19.Qa4 Qb6 20.Nh4 Ng4 21.Nxg6+ fxg6 22.c5 Qd8
23.Bg5 dxc5 24.dxc5 b5 25.Qd1 Qa5 26.Qd4 Be6 27.Bh3 Nh2 28.Qh8+ Bg8 29.Bh6+  1-0

[Event "Moscow Open A 2012"]
[Site "Moscow RUS"]
[Date "2012.01.31"]
[Round "4"]
[White "Savchenko,B"]
[Black "Dubov,Danii"]
[Result "1/2-1/2"]
[WhiteElo "2609"]
[BlackElo "2498"]

1.c4 c6 2.e4 d5 3.exd5 cxd5 4.d4 Nf6 5.Nc3 g6 6.cxd5 Nxd5 7.Qb3 Nb6 8.Nf3 Bg7
9.Bg5 O-O 10.Rd1 Bg4 11.Be2 Bxf3 12.Bxf3 Nc6 13.Ne2 Qd7 14.O-O Rac8 15.h4 e6
16.Qe3 Ne7 17.Qa3 Ned5 18.Nc3 h6 19.Bc1 Nc4 20.Qb3 Na5 21.Qb5 Qxb5 22.Nxb5 Nc6
23.h5 g5 24.Nd6 Rcd8 25.Nxb7 Rb8 26.Bxd5 exd5 27.Nc5 Rfd8 28.Rfe1 Bxd4 29.Nd3 a5
30.g4 Bf6 31.b3 Nb4 32.Nxb4 axb4 33.Rd3 Bc3 34.Red1 d4 35.a3 bxa3 36.Bxa3 Rxb3
37.Bc5 Rd5 38.Bxd4 Bxd4 39.Rxd4  1/2-1/2

[Event "Moscow Open 2012 A"]
[Site "Moscow RUS"]
[Date "2012.01.31"]
[Round "4.76"]
[White "Khabarov,Sergey"]
[Black "Petrosyan,M"]
[Result "1/2-1/2"]
[WhiteElo "2348"]
[BlackElo "2205"]

1.c4 c6 2.Nf3 d5 3.b3 Bg4 4.Ne5 Bh5 5.g4 Bg6 6.Bb2 Be4 7.Rg1 Bxb1 8.Qxb1 e6
9.cxd5 Qxd5 10.Rg3 Nf6 11.Bg2 Qa5 12.g5 Nfd7 13.Nc4 Qc7 14.Rh3 h6 15.g6 f6
16.Re3 e5 17.f4 Bc5 18.Rf3 exf4 19.Qe4+ Kd8 20.Rd3 b5 21.Na3 Bxa3 22.Bxa3 Qe5
23.Qxe5 fxe5 24.Bd6 Kc8 25.Rc1 Kb7 26.Rdc3 Rc8 27.a4 a6 28.a5 Ra7 29.d3 Ra8
30.b4 Ra7 31.Kf2 Nf6 32.Bxb8 Kxb8 33.Rxc6 Rxc6 34.Rxc6 Rc7 35.Rxa6 Ng4+ 36.Ke1 Rc2
37.Ra8+ Kc7 38.Be4 Ne3 39.Kf2 Nd1+ 40.Kf3 Nc3 41.Ra7+ Kd6 42.Ra6+ Kd7 43.Rc6 Rc1
44.Rc5 Rf1+ 45.Kg2 Nxe4 46.Kxf1 Nxc5 47.bxc5 Kc6 48.a6 b4 49.Ke1 b3 50.Kd2 Kb5
51.a7  1/2-1/2

[Event "Moscow Open A 2012"]
[Site "Moscow RUS"]
[Date "2012.02.01"]
[Round "5"]
[White "Shimanov,A"]
[Black "Ni Hua"]
[Result "1/2-1/2"]
[WhiteElo "2549"]
[BlackElo "2641"]

1.c4 c6 2.e4 d5 3.exd5 cxd5 4.d4 Nf6 5.Nc3 Nc6 6.Bg5 dxc4 7.Bxc4 h6 8.Bh4 Qxd4
9.Qxd4 Nxd4 10.O-O-O e5 11.Bg3 Be6 12.Bxe6 Nxe6 13.Bxe5 Be7 14.Nge2 O-O 15.Nd4 Ng4
16.Bg3 Bc5 17.Nxe6 fxe6 18.f3 Ne3 19.Rd2 Rfd8 20.Re2 Rac8 21.Kb1 Nd5 22.Ne4 Be7
23.Rc1 Kf7 24.Rxc8 Rxc8 25.Nd6+ Bxd6 26.Bxd6 Rd8 27.Be5 Nb4 28.Re1 Rd7 29.Bc3 Nd5
30.Bd2 Rc7 31.Re4 Kf6 32.Be1 e5 33.Bg3 Re7 34.Kc2 g5 35.Bf2 b5 36.a4 a6 37.axb5 axb5
38.Kb3 Nf4 39.g3 Nd5 40.Bc5 Rf7 41.Kc2 Rc7 42.b4 Ke6 43.Kd2 Rf7 44.Bd4 Rxf3
45.Rxe5+ Kd6 46.Re4 Nxb4 47.Bg7 Nd5 48.Bxh6 Rf2+ 49.Kd3 Rxh2 50.Bxg5 Rg2
51.Bf4+ Kc5 52.Be5 b4 53.Re2 Rxe2  1/2-1/2

[Event "85th ch-St Petersburg SF"]
[Site "St Petersburg RUS"]
[Date "2012.02.01"]
[Round "5.5"]
[White "Serov,M"]
[Black "Solovyov,V"]
[Result "0-1"]
[WhiteElo "2397"]
[BlackElo "2293"]

1.c4 c6 2.d4 d5 3.Nf3 Nf6 4.Qb3 g6 5.Nc3 Bg7 6.Bf4 dxc4 7.Qxc4 Be6 8.Qd3 O-O
9.e4 Qb6 10.Qd2 Bg4 11.Be2 Nbd7 12.O-O Rfe8 13.Be3 Qd8 14.Rfd1 Qb8 15.h3 Bxf3
16.Bxf3 e5 17.dxe5 Qxe5 18.Qc2 Qe7 19.Rd2 Nc5 20.Nd5 cxd5 21.Bxc5 Qc7 22.exd5 Rac8
23.Rc1 Qd7 24.Qd1 Bh6 25.Be3 Rxc1 26.Qxc1 Rxe3 27.fxe3 Bxe3+ 28.Kh1 Bxd2
29.Qxd2 Ne8 30.Qe3 b6 31.Bg4 f5 32.Bf3 Nd6 33.Qe5 Nf7 34.a3  0-1

[Event "Gibraltar Open"]
[Site "Caleta ENG"]
[Date "2012.02.02"]
[Round "10.81"]
[White "Zygouris,H"]
[Black "Yurenok,M"]
[Result "1-0"]
[WhiteElo "2205"]
[BlackElo "2109"]

1.c4 c6 2.e4 e5 3.Nc3 d6 4.g3 Nf6 5.Bg2 Be7 6.Nge2 a6 7.d4 Qc7 8.O-O b5 9.b3 O-O
10.cxb5 axb5 11.Bb2 b4 12.Na4 Ba6 13.Rc1 Rd8 14.Re1 Bb5 15.a3 Bxa4 16.bxa4 Qa5
17.axb4 Qxb4 18.Bc3 Qxa4 19.dxe5 Nxe4 20.Bxe4 Qxe4 21.Nf4 Qf5 22.exd6 Bf6
23.Qb3 Bxc3 24.Rxc3 g6 25.Qb7 Nd7 26.Qxc6 Nf6 27.Rc5 Qd7 28.Nd5 Nxd5 29.Qxd5 Re8
30.Rxe8+ Rxe8 31.Rc7 Re1+ 32.Kg2 Qe8 33.d7  1-0

[Event "ch-TUR w 2012"]
[Site "Kemer TUR"]
[Date "2012.02.02"]
[Round "8"]
[White "Durmaz,A"]
[Black "Vatansever,Buse"]
[Result "1-0"]
[WhiteElo "1823"]
[BlackElo "1612"]

1.c4 c6 2.Nf3 d5 3.b3 Nf6 4.Bb2 Bg4 5.g3 e6 6.Bg2 Nbd7 7.O-O Be7 8.d3 O-O
9.Nbd2 Qc7 10.Rc1 Rac8 11.Rc2 Rfd8 12.Qa1 Qb6 13.Rfc1 Bc5 14.e3 Be7 15.a3 dxc4
16.Rxc4 Bxf3 17.Bxf3 Qc7 18.d4 Nb6 19.R4c2 Qd7 20.Bg2 Nfd5 21.Nf3 Bf6 22.a4 Qe8
23.a5 Nd7 24.Ba3 Be7 25.Nd2 Qf8 26.Bxe7 Qxe7 27.Bxd5 exd5 28.a6 Nb8 29.axb7 Qxb7
30.Ra2 Rc7 31.Ra4 Qb6 32.Qa3 Qb7 33.b4 c5 34.bxc5 Nc6 35.Rb1 Qc8 36.Qd3 Qd7
37.Ra2 Rb7 38.Raa1 Rdb8 39.Qa6 Rxb1+ 40.Rxb1 Rxb1+ 41.Nxb1 Kf8 42.Nc3 Ke7
43.Qa2 Nb4 44.Qa3 Qb7 45.c6  1-0

[Event "Moscow Open 2012 A"]
[Site "Moscow RUS"]
[Date "2012.02.02"]
[Round "6.60"]
[White "Terentjev,V"]
[Black "Kurukin,D"]
[Result "1-0"]
[WhiteElo "2301"]
[BlackElo "2417"]

1.c4 c6 2.e4 d5 3.exd5 cxd5 4.cxd5 Nf6 5.Nc3 Nxd5 6.Bc4 e6 7.Nf3 Be7 8.O-O O-O
9.d4 Nc6 10.Re1 Bf6 11.Ne4 Kh8 12.Nxf6 gxf6 13.Re4 Nce7 14.Bd3 Ng6 15.Nh4 f5
16.Nxg6+ hxg6 17.Re5 Qh4 18.Bc4 Nb6 19.Re3 Kg8 20.Rh3 Qf6 21.b3 Rd8 22.Qe2 f4
23.Bb2 Nd5 24.Qe5 Qxe5 25.dxe5 b6 26.Ba3 Bb7 27.Re1 Rac8 28.Bd6 Rd7 29.Rh4 Kg7
30.Rd1 a6 31.a4 g5 32.Rg4 Kh6 33.h4 f6 34.Ba3 f5 35.Rxg5 Rg7 36.Rxg7 Kxg7
37.Rd4 Kh6 38.Be7 b5 39.Bg5+ Kg6 40.axb5 axb5 41.Bxb5 Nc3 42.Bc4 Bd5 43.Kh2 Rb8
44.Be7 Kf7 45.Bd6 Rg8 46.Bxd5 Nxd5 47.Ra4 Rg4 48.Kh3 Kg6 49.Ra8 f3 50.Rg8+ Kh5
51.Rxg4 fxg4+ 52.Kg3 fxg2 53.Kxg2 Kxh4 54.b4 Nf4+ 55.Kh2 Nd3 56.b5 Nxf2 57.Be7+ Kh5
58.b6  1-0

[Event "Moscow Open F 2012"]
[Site "Moscow RUS"]
[Date "2012.02.02"]
[Round "6.2"]
[White "Pavlov,S2"]
[Black "Matsenko,S"]
[Result "1/2-1/2"]
[WhiteElo "2477"]
[BlackElo "2460"]

1.c4 c6 2.Nf3 Nf6 3.Nc3 d5 4.d4 e6 5.Bg5 Nbd7 6.e3 Qa5 7.cxd5 exd5 8.Bd3 Ne4
9.O-O Nxg5 10.Nxg5 Nf6 11.h3 Be7 12.Qc2 h6 13.Nf3 O-O 14.a3 Qc7 15.b4 Bd6
16.b5 Qe7 17.bxc6 bxc6 18.Na4 Bd7 19.Nc5 Bxc5 20.Qxc5 Qxc5 21.dxc5 Rfb8 22.Rfb1 Kf8
23.Nd4 Ke7 24.f3 Kd8 25.Ba6 Kc7 26.Rb4 g6 27.Kf2 Be8 28.Rab1 Rxb4 29.axb4 Rb8
30.Ke2 Nd7 31.Rb3 Nf8 32.Kd2 Bd7 33.Bd3 Ne6 34.Kc3 a5 35.bxa5 Nxc5 36.Rxb8 Kxb8
37.Be2 Kc7 38.Kb4 Nb7 39.Nb3 Kd6 40.a6 c5+ 41.Kc3 Nd8 42.e4  1/2-1/2

[Event "Moscow Open Women 2012"]
[Site "Moscow RUS"]
[Date "2012.02.02"]
[Round "6.30"]
[White "Grigoryeva,O2"]
[Black "Kutueva,N"]
[Result "1-0"]
[WhiteElo "2146"]
[BlackElo "1959"]

1.c4 c6 2.e4 d5 3.exd5 cxd5 4.cxd5 Nf6 5.Nc3 g6 6.Nf3 Bg7 7.Bc4 O-O 8.O-O Nbd7
9.d3 Nb6 10.Qb3 Bg4 11.Ng5 Bf5 12.Nge4 Rc8 13.Nxf6+ Bxf6 14.Bf4 Bxc3 15.bxc3 Nxc4
16.dxc4 Qd7 17.Rfd1 Rfe8 18.Be3 a6 19.c5 Red8 20.c4 Qc7 21.Qc3 f6 22.Rac1 Kf7
23.Qd4 Qd7 24.f3 h5 25.Qb2 g5 26.Rc3 Qc7 27.Rb3 Rd7 28.Rb6 Rcd8 29.Rd2 Qc8
30.c6 bxc6 31.Rxc6 Qa8 32.Qb6 Rd6 33.Rxd6 Rxd6 34.Qb3 e6 35.Bc5 Rd7 36.d6 Qc8
37.Bb6 Qc6 38.c5 Kg7 39.Rd4 e5 40.Qa4 Qxa4 41.Rxa4 Bd3 42.Bc7 Bb5 43.Rb4 Kf7
44.a4 Bc6 45.Rb6 Bxa4 46.c6  1-0

[Event "TCh-ISR 2011-12"]
[Site "Israel ISR"]
[Date "2012.02.03"]
[Round "7.4"]
[White "Mikhalevski,V"]
[Black "Bykhovsky,Av"]
[Result "1-0"]
[WhiteElo "2549"]
[BlackElo "2427"]

1.c4 c6 2.g3 d5 3.Nf3 g6 4.Bg2 Bg7 5.O-O Nf6 6.b3 Ne4 7.d4 O-O 8.Bb2 Be6
9.Nbd2 Nxd2 10.Qxd2 f6 11.Rac1 Na6 12.Rfe1 f5 13.Ng5 Bf7 14.f3 dxc4 15.bxc4 e5
16.d5 cxd5 17.Nxf7 Rxf7 18.cxd5 Qb6+ 19.Kh1 Rd8 20.Bc3 Qd6 21.e4 fxe4 22.fxe4 Nc5
23.Bb4 b6 24.Qe3 Bf8 25.Bh3 Rf6 26.Rf1 Be7 27.Be6+ Kh8 28.Rxf6 Bxf6 29.Bxc5 bxc5
30.Qxc5 Qxc5 31.Rxc5 Bg5 32.Rc6 Be3 33.d6 Bb6 34.Kg2 Rf8 35.g4 h6 36.h4 Bf2
37.h5 gxh5 38.gxh5 Bb6 39.Bf5 Kg7 40.Kf3 Kf6 41.d7+ Kg5 42.Rg6+ Kxh5 43.Kg3  1-0

[Event "TCh-ISR 2011-12"]
[Site "Israel ISR"]
[Date "2012.02.03"]
[Round "7.4"]
[White "Lederer,Y"]
[Black "Popilski,G"]
[Result "0-1"]
[WhiteElo "2328"]
[BlackElo "2369"]

1.c4 c6 2.g3 d5 3.Nf3 Nf6 4.Bg2 dxc4 5.O-O Nbd7 6.Qc2 Nb6 7.Na3 g6 8.Nxc4 Nxc4
9.Qxc4 Bg7 10.d3 O-O 11.Bg5 h6 12.Bd2 Nd5 13.Qc1 Kh7 14.Rd1 e5 15.e4 Nc7
16.h3 Nb5 17.a4 Nd4 18.Nxd4 exd4 19.a5 Bd7 20.Qc4 Be6 21.Qc5 Qd7 22.Kh2 Rfc8
23.e5 Bf8 24.Qc2 Bd5 25.Re1 c5 26.b3 b5 27.axb6 Bxg2 28.Kxg2 axb6 29.f4 b5
30.Reb1 Rc7 31.Qd1 Rca7 32.Rxa7 Rxa7 33.Rb2 Ra3 34.Qf3 Qe6 35.Qg4 Qd5+ 36.Qf3 Qxf3+
37.Kxf3 c4 38.bxc4 bxc4 39.Rb8 Kg7 40.Bb4 Rxd3+ 41.Ke4 Bxb4 42.Rxb4 Rxg3
43.Rxc4 d3 44.h4 Rh3 45.Rd4 Rxh4 46.Kxd3 g5 47.fxg5 Rxd4+ 48.Kxd4 hxg5  0-1

[Event "Moscow Open 2012 A"]
[Site "Moscow RUS"]
[Date "2012.02.03"]
[Round "7.40"]
[White "Chernyuk,Mikhail"]
[Black "Kovalev,De"]
[Result "0-1"]
[WhiteElo "2224"]
[BlackElo "2481"]

1.c4 c6 2.Nc3 d5 3.cxd5 cxd5 4.d4 Nf6 5.g3 Nc6 6.Bg2 Bf5 7.Nf3 e6 8.O-O Bd6
9.Bf4 Bxf4 10.gxf4 Ne4 11.Nxe4 Bxe4 12.Ne5 Nxe5 13.fxe5 Bxg2 14.Qa4+ Qd7
15.Qxd7+ Kxd7 16.Kxg2 Rhc8 17.Rfc1 Rxc1 18.Rxc1 Rc8 19.Rxc8 Kxc8 20.Kf3 Kd7
21.e4 Kc6 22.Ke3 Kb5 23.h4 h5 24.f4 g6 25.exd5 exd5 26.b3 Kb4 27.f5 gxf5
28.Kf4 Kc3 29.Kg5 Kxd4 30.Kxh5 f4 31.Kg4 Ke4  0-1

[Event "Moscow Open 2012 A"]
[Site "Moscow RUS"]
[Date "2012.02.03"]
[Round "7.88"]
[White "Logachiov,A"]
[Black "Baraeva,I"]
[Result "1-0"]
[WhiteElo "2116"]
[BlackElo "2165"]

1.c4 c6 2.e4 d5 3.exd5 cxd5 4.cxd5 Nf6 5.Nc3 Nxd5 6.Nf3 Nc6 7.Bb5 e6 8.O-O Be7
9.d4 O-O 10.a3 a6 11.Bd3 Bf6 12.Bc2 Nxc3 13.bxc3 b5 14.a4 Bb7 15.Qd3 g6 16.Bh6 Re8
17.axb5 axb5 18.Qxb5 Qc8 19.Be4 Na5 20.Ng5 Qc7 21.Bxb7 Nxb7 22.Ne4 Bh8 23.Ra7 Rab8
24.Nc5 Nd6 25.Qa6 Qb6 26.Nd7 Qxa6 27.Rxa6 Nf5 28.Nxb8 Nxh6 29.Nc6 Bf6 30.Rb1 Nf5
31.Rb8 Rxb8 32.Nxb8 Kg7 33.Kf1 Ne7 34.g3 h5 35.Nd7 Nd5 36.Nxf6 Nxf6 37.c4 Kf8
38.Ke2 Ke8 39.f3 Nd7 40.Ra8+ Ke7 41.Ra7 Kd6 42.Kd3 f6 43.c5+ Kc6 44.Ra6+ Kc7
45.Rxe6  1-0